[Event "Szuperliga - GM Szabo Laszlo"]
[Site "Szombathely"]
[Date "2024.05.12"]
[Round "9.10"]
[White "Magyar, Andras"]
[Black "Meszaros-Csonka, David"]
[Result "0-1"]
[WhiteElo "2242"]
[BlackElo "2014"]
[PlyCount "106"]
[EventDate "2023.10.28"]
[EventType "team-tourn"]
[EventRounds "9"]
[EventCountry "HUN"]
[Source "chess.hu"]
[WhiteTeam "Haladas VSE"]
[BlackTeam "Duocor-Makoi SVSE"]
[WhiteTeamCountry "HUN"]
[BlackTeamCountry "HUN"]

1. e4 c5 2. Nf3 e6 3. Nc3 Nc6 4. Bb5 Nd4 5. O-O a6 6. Bd3 d6 7. Nxd4 cxd4 8.
Ne2 Qb6 9. c3 dxc3 10. bxc3 Nf6 11. Bc2 Bd7 12. d4 Be7 13. Bf4 Bc6 14. Ng3 Bb5
15. Re1 Qa5 16. a4 Bc4 17. Qf3 d5 18. e5 Nd7 19. Bd2 Rf8 20. Qh5 h6 21. f4
O-O-O 22. f5 Qb6 23. Rab1 Qc6 24. Qg4 Rg8 25. Qf3 Rdf8 26. Nh5 g6 27. f6 Bd8
28. Nf4 h5 29. h4 Bb6 30. Kh2 Bc7 31. Nh3 Bb8 32. g3 Nb6 33. Bh6 Nxa4 34. Bxf8
Rxf8 35. Rb4 Nb6 36. Reb1 Bc7 37. Qe3 a5 38. R4b2 a4 39. Rxb6 Bxb6 40. Bxa4
Qxa4 41. Rxb6 Qc2+ 42. Qf2 Qxc3 43. Ng5 Kc7 44. Rb2 b5 45. Rc2 Qa3 46. Qd2 b4
47. Rb2 b3 48. g4 Ra8 49. Kg3 Qa1 50. Nxf7 Qg1+ 51. Qg2 Qxd4 52. gxh5 gxh5 53.
Kh3 Qc3+ 0-1

[Event "NB I. Charousek csoport"]
[Site "Gyor"]
[Date "2023.10.08"]
[Round "1.1"]
[White "Seres, Lajos"]
[Black "Vertetics, Attila"]
[Result "1/2-1/2"]
[WhiteElo "2346"]
[BlackElo "2457"]
[PlyCount "26"]
[EventDate "2023.10.08"]
[EventType "team-tourn"]
[EventRounds "11"]
[EventCountry "HUN"]
[Source "chess.hu"]
[WhiteTeam "SZ-A STE"]
[BlackTeam "Gyori Elektromos"]
[WhiteTeamCountry "HUN"]
[BlackTeamCountry "HUN"]

1. d4 Nf6 2. Nf3 e6 3. c4 Bb4+ 4. Bd2 Qe7 5. g3 O-O 6. Bg2 Bxd2+ 7. Qxd2 d6 8.
Nc3 Re8 9. O-O e5 10. e4 Bg4 11. d5 a5 12. Ne1 Na6 13. Nc2 Nc5 1/2-1/2

[Event "NB I. Charousek csoport"]
[Site "Gyor"]
[Date "2023.10.08"]
[Round "1.2"]
[White "Ezsol, Miklos"]
[Black "Magold, Filip"]
[Result "0-1"]
[WhiteElo "2337"]
[BlackElo "2317"]
[PlyCount "140"]
[EventDate "2023.10.08"]
[EventType "team-tourn"]
[EventRounds "11"]
[EventCountry "HUN"]
[Source "chess.hu"]
[WhiteTeam "Gyori Elektromos"]
[BlackTeam "SZ-A STE"]
[WhiteTeamCountry "HUN"]
[BlackTeamCountry "HUN"]

1. d4 Nf6 2. Nf3 d5 3. c4 e6 4. cxd5 exd5 5. Nc3 c6 6. Bg5 Bf5 7. Qb3 Qb6 8.
Bxf6 gxf6 9. Nd2 Bh6 10. e3 O-O 11. g4 Be6 12. h4 Kh8 13. g5 fxg5 14. hxg5 Qxb3
15. Nxb3 Bxg5 16. Bd3 f5 17. O-O-O Nd7 18. Ne2 Rf7 19. Nd2 Rg8 20. Nf3 Nf8 21.
Rh5 Bd8 22. Nf4 Bc8 23. Rdh1 Rgg7 24. Ne5 Rf6 25. R5h2 Rd6 26. Nh5 Rc7 27. Ng3
Rf6 28. f4 c5 29. dxc5 Rxc5+ 30. Kb1 Be6 31. Nf3 Bb6 32. Nd4 Rc7 33. Ngxf5 Bf7
34. Rc2 Rxc2 35. Bxc2 Bg6 36. Rd1 Ne6 37. Nxe6 Bxf5 38. Bxf5 Rxf5 39. b4 Bxe3
40. Rd3 d4 41. Nxd4 Bxd4 42. Rxd4 h5 43. Kc2 h4 44. Kd3 h3 45. Ke4 Rh5 46. Rd1
h2 47. Rh1 Kg7 48. Kf3 Kf6 49. Kg4 Rh8 50. a3 b5 51. f5 a6 52. Kf4 Rh4+ 53. Kg3
Rh6 54. Kf4 Rh8 55. Kg4 Ke5 56. Re1+ Kd4 57. Rh1 Ke3 58. f6 Kf2 59. f7 Kg2 60.
Rc1 h1=Q 61. Rc2+ Kg1 62. Rc1+ Kh2 63. Rxh1+ Kxh1 64. Kg5 Kg2 65. Kg6 Kf3 66.
Kg7 Rc8 67. f8=Q+ Rxf8 68. Kxf8 Ke4 69. Ke7 Kd5 70. Kd7 Kc4 0-1

[Event "NB I. Charousek csoport"]
[Site "Gyor"]
[Date "2023.10.08"]
[Round "1.3"]
[White "Gjuran, Denis"]
[Black "Farkas, Lajos Dr"]
[Result "1-0"]
[WhiteElo "2291"]
[BlackElo "2195"]
[PlyCount "79"]
[EventDate "2023.10.08"]
[EventType "team-tourn"]
[EventRounds "11"]
[EventCountry "HUN"]
[Source "chess.hu"]
[WhiteTeam "SZ-A STE"]
[BlackTeam "Gyori Elektromos"]
[WhiteTeamCountry "HUN"]
[BlackTeamCountry "HUN"]

1. e4 c6 2. d4 d5 3. exd5 cxd5 4. Bf4 Nc6 5. c3 Bf5 6. Nd2 e6 7. Ngf3 Bd6 8.
Bxd6 Qxd6 9. Be2 Nge7 10. O-O O-O 11. Nh4 h6 12. Nxf5 Nxf5 13. Bd3 Qf4 14. g3
Qg5 15. f4 Qf6 16. Qf3 Nfxd4 17. cxd4 Qxd4+ 18. Rf2 Qxb2 19. Nb3 Qf6 20. Re1
Nd4 21. Nxd4 Qxd4 22. Rd1 Qc5 23. Kg2 Rac8 24. Re2 Rc6 25. f5 exf5 26. Qxf5 g6
27. Qf4 Re6 28. Rxe6 fxe6 29. Qxh6 Rf6 30. Rf1 Rxf1 31. Kxf1 Qd4 32. Bxg6 Qa1+
33. Kg2 Qxa2+ 34. Kh3 Qf2 35. Qg5 Qf1+ 36. Kh4 Qc4+ 37. Kh5 Qc7 38. Bf5+ Kf8
39. Qh6+ Qg7 40. Qxe6 1-0

[Event "NB I. Charousek csoport"]
[Site "Gyor"]
[Date "2023.10.08"]
[Round "1.4"]
[White "Schmikli, Laszlo"]
[Black "Ronai, Akos Balazs"]
[Result "0-1"]
[WhiteElo "2192"]
[BlackElo "2193"]
[PlyCount "60"]
[EventDate "2023.10.08"]
[EventType "team-tourn"]
[EventRounds "11"]
[EventCountry "HUN"]
[Source "chess.hu"]
[WhiteTeam "Gyori Elektromos"]
[BlackTeam "SZ-A STE"]
[WhiteTeamCountry "HUN"]
[BlackTeamCountry "HUN"]

1. f4 d5 2. Nf3 Nf6 3. g3 g6 4. Bg2 Bg7 5. O-O O-O 6. c3 c5 7. d3 Nc6 8. a4 b6
9. Na3 Bb7 10. Qe1 Na5 11. Qd1 Nd7 12. Rb1 c4 13. Nd2 cxd3 14. exd3 d4 15. Bxb7
Nxb7 16. c4 Nd6 17. Nf3 h5 18. b4 Nf5 19. Rb2 a5 20. bxa5 Rxa5 21. Rb5 Qa8 22.
Rxa5 Qxa5 23. Bd2 Qa6 24. Nb5 Nc5 25. Qe2 Qxa4 26. Rc1 Qb3 27. Ne1 Ra8 28. Qd1
Ra2 29. Kf1 Rb2 30. Qe2 Qa2 0-1

[Event "NB I. Charousek csoport"]
[Site "Gyor"]
[Date "2023.10.08"]
[Round "1.5"]
[White "Kovac, Boris"]
[Black "Borzsei, Andras"]
[Result "1-0"]
[WhiteElo "2183"]
[BlackElo "2049"]
[PlyCount "135"]
[EventDate "2023.10.08"]
[EventType "team-tourn"]
[EventRounds "11"]
[EventCountry "HUN"]
[Source "chess.hu"]
[WhiteTeam "SZ-A STE"]
[BlackTeam "Gyori Elektromos"]
[WhiteTeamCountry "HUN"]
[BlackTeamCountry "HUN"]

1. e4 c5 2. Nf3 e6 3. d4 cxd4 4. Nxd4 Nc6 5. Nc3 Qc7 6. a3 a6 7. Be3 b5 8. Nxc6
Qxc6 9. g3 f5 10. Bg2 Nf6 11. Bd4 Be7 12. O-O Bb7 13. Re1 O-O 14. Qd3 d6 15. f4
e5 16. Nd5 Bd8 17. fxe5 dxe5 18. Bxe5 fxe4 19. Nxf6+ Bxf6 20. Qxe4 Qc5+ 21. Qe3
Qc8 22. Bxf6 Rxf6 23. Re2 Bxg2 24. Kxg2 Qf8 25. Rae1 Qd6 26. Qb3+ Kh8 27. Re8+
Rf8 28. R8e6 Qd2+ 29. R6e2 Qd4 30. Qb4 Qf6 31. Qe4 Rad8 32. c3 Rd7 33. a4 bxa4
34. Qxa4 Qf3+ 35. Kg1 Re7 36. Qc2 Ref7 37. c4 Qc6 38. c5 Qd5 39. Rd2 Qc6 40.
Qc4 Rf6 41. b4 Qc8 42. Rde2 Qd7 43. Rc2 Qc6 44. Qe2 Qd7 45. Rd2 Qb7 46. Rd4 Qf7
47. Qc4 Qg6 48. Qd3 Qf7 49. Rd8 Qa2 50. Rxf8+ Rxf8 51. Rf1 Rxf1+ 52. Qxf1 h6
53. c6 Qe6 54. Qc1 Qd6 55. c7 Qd4+ 56. Kf1 Qd3+ 57. Kf2 Qd4+ 58. Qe3 Qf6+ 59.
Qf4 Qb6+ 60. Kf1 Qb5+ 61. Ke1 Qe8+ 62. Kd2 Qd7+ 63. Kc3 Qc6+ 64. Kb3 Qd5+ 65.
Qc4 Qd1+ 66. Qc2 Qd5+ 67. Ka3 Qf3+ 68. Ka4 1-0

[Event "NB I. Charousek csoport"]
[Site "Gyor"]
[Date "2023.10.08"]
[Round "1.6"]
[White "Solymosi, Istvan"]
[Black "Volosin, Vladimir"]
[Result "1-0"]
[WhiteElo "2125"]
[BlackElo "2164"]
[PlyCount "63"]
[EventDate "2023.10.08"]
[EventType "team-tourn"]
[EventRounds "11"]
[EventCountry "HUN"]
[Source "chess.hu"]
[WhiteTeam "Gyori Elektromos"]
[BlackTeam "SZ-A STE"]
[WhiteTeamCountry "HUN"]
[BlackTeamCountry "HUN"]

1. d4 Nf6 2. c4 e6 3. Nc3 Bb4 4. f3 d5 5. a3 Bxc3+ 6. bxc3 O-O 7. e3 c5 8. cxd5
exd5 9. Bd3 Nc6 10. Ne2 Re8 11. O-O c4 12. Bc2 b5 13. Ng3 h5 14. Qe1 g6 15. e4
Nh7 16. Be3 Be6 17. Qb1 h4 18. Ne2 Rb8 19. Bh6 Ne7 20. Nf4 Rb6 21. g4 dxe4 22.
Bxe4 Bd5 23. Bc2 f5 24. Nxd5 Nxd5 25. Bd2 Re2 26. Qd1 Rbe6 27. gxf5 Qc7 28. f4
gxf5 29. Kh1 Nxc3 30. Bxc3 R6e3 31. d5 Ng5 32. Qd4 1-0

[Event "NB I. Charousek csoport"]
[Site "Gyor"]
[Date "2023.10.08"]
[Round "1.7"]
[White "Nagy-Elek, Tamas"]
[Black "Zoldi, Zoltan"]
[Result "1/2-1/2"]
[WhiteElo "2057"]
[BlackElo "2110"]
[PlyCount "81"]
[EventDate "2023.10.08"]
[EventType "team-tourn"]
[EventRounds "11"]
[EventCountry "HUN"]
[Source "chess.hu"]
[WhiteTeam "SZ-A STE"]
[BlackTeam "Gyori Elektromos"]
[WhiteTeamCountry "HUN"]
[BlackTeamCountry "HUN"]

1. e4 c5 2. c3 d5 3. exd5 Qxd5 4. d4 Nf6 5. Nf3 e6 6. Be3 cxd4 7. cxd4 Be7 8.
Nc3 Qd8 9. Bd3 O-O 10. O-O Nc6 11. a3 a6 12. Qe2 b5 13. Rad1 Bb7 14. Rfe1 b4
15. axb4 Nxb4 16. Bb1 Nbd5 17. Ne5 Rc8 18. Bd2 g6 19. Bh6 Nxc3 20. bxc3 Qd5 21.
f3 Rfe8 22. Ba2 Qb5 23. Nxf7 Qxe2 24. Rxe2 Bf8 25. Bxf8 Kxf7 26. Bc5 Nd5 27.
Rc1 Nf4 28. Rd2 Red8 29. Rb2 Bc6 30. Bc4 Bb5 31. Bxb5 axb5 32. Rcb1 e5 33. Rxb5
Ne2+ 34. Kf2 Nxc3 35. Rb7+ Kg8 36. Re1 exd4 37. Ree7 Rxc5 38. Rg7+ Kh8 39.
Rxh7+ Kg8 40. Rhg7+ Kh8 41. Rh7+ 1/2-1/2

[Event "NB I. Charousek csoport"]
[Site "Gyor"]
[Date "2023.10.08"]
[Round "1.8"]
[White "Horvath, Tamas"]
[Black "Kurcsics, Mate"]
[Result "1/2-1/2"]
[WhiteElo "2094"]
[BlackElo "2099"]
[PlyCount "84"]
[EventDate "2023.10.08"]
[EventType "team-tourn"]
[EventRounds "11"]
[EventCountry "HUN"]
[Source "chess.hu"]
[WhiteTeam "Gyori Elektromos"]
[BlackTeam "SZ-A STE"]
[WhiteTeamCountry "HUN"]
[BlackTeamCountry "HUN"]

1. d4 Nf6 2. c4 e6 3. Nf3 b6 4. a3 d5 5. cxd5 Nxd5 6. Nc3 Nxc3 7. bxc3 Bb7 8.
Qc2 Nd7 9. e4 Be7 10. Bd3 c5 11. O-O O-O 12. Bf4 cxd4 13. cxd4 Rc8 14. Qb3 g5
15. Be3 g4 16. Nd2 Bg5 17. f4 gxf3 18. Rxf3 Bxe3+ 19. Rxe3 e5 20. Qd1 f6 21.
Bc4+ Kh8 22. Rh3 Qe7 23. d5 Qc5+ 24. Kh1 Rf7 25. Qh5 Rg7 26. Be2 Qd4 27. Rd1
Nc5 28. Qf3 Rf8 29. Qe3 Qxe3 30. Rxe3 f5 31. Bf3 f4 32. Rc3 Ba6 33. Nc4 Bxc4
34. Rxc4 Rfg8 35. Rc3 h5 36. Rd2 h4 37. h3 Rg3 38. Rdc2 Rd8 39. Kg1 Rc8 40. Bg4
Rxc3 41. Rxc3 Rd8 42. Bf5 Kg7 1/2-1/2

[Event "NB I. Charousek csoport"]
[Site "Gyor"]
[Date "2023.10.08"]
[Round "1.9"]
[White "Hitter, Gabriella"]
[Black "Jozsa, Csaba"]
[Result "0-1"]
[WhiteElo "2061"]
[BlackElo "2140"]
[PlyCount "54"]
[EventDate "2023.10.08"]
[EventType "team-tourn"]
[EventRounds "11"]
[EventCountry "HUN"]
[Source "chess.hu"]
[WhiteTeam "SZ-A STE"]
[BlackTeam "Gyori Elektromos"]
[WhiteTeamCountry "HUN"]
[BlackTeamCountry "HUN"]

1. e4 c5 2. Nf3 d6 3. d4 cxd4 4. Nxd4 Nf6 5. Nc3 a6 6. Bc4 e6 7. Bb3 Be7 8. O-O
O-O 9. Re1 Nc6 10. Be3 Na5 11. Qf3 Qc7 12. Qg3 Kh8 13. Rad1 Nc4 14. Bc1 b5 15.
a4 bxa4 16. Bxa4 Bb7 17. Bb3 Rac8 18. h3 Rfd8 19. Kh1 Qb8 20. Qd3 Ne5 21. Qg3
Nc4 22. Qd3 Qc7 23. Na4 d5 24. exd5 Bxd5 25. Bxc4 Bxc4 26. Qe3 Bd5 27. Nc3 Ba8
0-1

[Event "NB I. Charousek csoport"]
[Site "Gyor"]
[Date "2023.10.08"]
[Round "1.10"]
[White "Kiss, Balazs"]
[Black "Parragi, Istvan"]
[Result "0-1"]
[WhiteElo "1974"]
[BlackElo "1898"]
[PlyCount "102"]
[EventDate "2023.10.08"]
[EventType "team-tourn"]
[EventRounds "11"]
[EventCountry "HUN"]
[Source "chess.hu"]
[WhiteTeam "Gyori Elektromos"]
[BlackTeam "SZ-A STE"]
[WhiteTeamCountry "HUN"]
[BlackTeamCountry "HUN"]

1. c4 Nf6 2. Nc3 c5 3. g3 d5 4. cxd5 Nxd5 5. Bg2 Nc7 6. Nf3 Nc6 7. O-O g6 8. d3
Bg7 9. Be3 b6 10. Qa4 Bd7 11. Ng5 Na5 12. Qc2 Bc6 13. Nf3 Rc8 14. Qd2 h5 15. h4
Ne6 16. Rac1 O-O 17. Bh6 c4 18. Bxg7 Kxg7 19. dxc4 Bxf3 20. Qxd8 Rfxd8 21. exf3
Nxc4 22. b3 Nd2 23. Rfe1 Rd3 24. Re3 Rxe3 25. fxe3 Nb1 26. Rxb1 Rxc3 27. e4 Rc2
28. a3 Nd4 29. Rd1 e5 30. Rd3 Rc1+ 31. Kf2 Rc2+ 32. Kf1 a5 33. g4 hxg4 34. fxg4
f6 35. Rg3 b5 36. g5 fxg5 37. Rxg5 Kf6 38. Rg3 Rc1+ 39. Kf2 Rc2+ 40. Ke1 b4 41.
axb4 axb4 42. Bf1 Rh2 43. Bc4 Rxh4 44. Bd5 Rh2 45. Kf1 Rb2 46. Rh3 Ne6 47. Rh8
Nf4 48. Bc4 g5 49. Rf8+ Ke7 50. Rf5 Kd6 51. Rxg5 Rb1+ 0-1

[Event "NB I. Charousek csoport"]
[Site "Gyor"]
[Date "2023.10.08"]
[Round "1.11"]
[White "Kutas, Lajos Jr"]
[Black "Papai, Mate"]
[Result "0-1"]
[WhiteElo "1906"]
[BlackElo "1782"]
[PlyCount "52"]
[EventDate "2023.10.08"]
[EventType "team-tourn"]
[EventRounds "11"]
[EventCountry "HUN"]
[Source "chess.hu"]
[WhiteTeam "SZ-A STE"]
[BlackTeam "Gyori Elektromos"]
[WhiteTeamCountry "HUN"]
[BlackTeamCountry "HUN"]

1. d4 d5 2. Bf4 Nf6 3. e3 c5 4. c3 Nc6 5. Nd2 Bf5 6. Ngf3 e6 7. Be2 h6 8. O-O
Be7 9. h3 O-O 10. Bh2 Rc8 11. Re1 a6 12. a4 c4 13. Ne5 b5 14. axb5 axb5 15. Ra6
Na5 16. Bf3 Ra8 17. Rxa8 Qxa8 18. Qe2 Nc6 19. g4 Nxe5 20. Bxe5 Bd3 21. Qd1 Qa2
22. Qc1 Ne4 23. Nxe4 dxe4 24. Bg2 b4 25. Bg3 b3 26. Bf1 Ba3 0-1

[Event "NB I. Charousek csoport"]
[Site "Gyor"]
[Date "2023.10.08"]
[Round "1.12"]
[White "Molnar, Liza Dorottya"]
[Black "Szabo, Zsombor"]
[Result "1-0"]
[WhiteElo "1817"]
[BlackElo "1656"]
[PlyCount "59"]
[EventDate "2023.10.08"]
[EventType "team-tourn"]
[EventRounds "11"]
[EventCountry "HUN"]
[Source "chess.hu"]
[WhiteTeam "Gyori Elektromos"]
[BlackTeam "SZ-A STE"]
[WhiteTeamCountry "HUN"]
[BlackTeamCountry "HUN"]

1. e4 e6 2. d4 d5 3. e5 c5 4. c3 Nc6 5. Nf3 Qb6 6. Be2 Nh6 7. Bxh6 Qxb2 8. Be3
Qxa1 9. Qc2 cxd4 10. Nxd4 Nxd4 11. Bxd4 Ba3 12. Bb5+ Kd8 13. O-O Qb2 14. Qa4
Ke7 15. Nxa3 f6 16. exf6+ gxf6 17. Bc5+ Kf7 18. Qa5 b6 19. Bxb6 Bd7 20. Bd4
Bxb5 21. Nxb5 Qd2 22. Qc7+ Kg6 23. Be3 Qb2 24. Qg3+ Kf7 25. Nd6+ Ke7 26. Bc5
Kd7 27. Nf7 e5 28. Nxh8 Kc6 29. Qg7 Qxc3 30. Be3 1-0

[Event "NB I. Charousek csoport"]
[Site "Zalaegerszeg"]
[Date "2023.10.08"]
[Round "1.1"]
[White "Kiss, Attila"]
[Black "Horvath, Adam"]
[Result "1-0"]
[WhiteElo "2295"]
[BlackElo "2438"]
[PlyCount "51"]
[EventDate "2023.10.08"]
[EventType "team-tourn"]
[EventRounds "11"]
[EventCountry "HUN"]
[Source "chess.hu"]
[WhiteTeam "Haladas VSE II."]
[BlackTeam "Z.Csuti-Hydrocomp SK"]
[WhiteTeamCountry "HUN"]
[BlackTeamCountry "HUN"]

1. e4 c5 2. Nf3 Nc6 3. d4 cxd4 4. Nxd4 e6 5. Nc3 Qc7 6. Be3 a6 7. Qd2 Nf6 8.
O-O-O Be7 9. f4 b5 10. e5 b4 11. Ncb5 axb5 12. Nxb5 Qa5 13. exf6 gxf6 14. Nd6+
Bxd6 15. Qxd6 Qxa2 16. Rd3 Qa1+ 17. Kd2 Ra2 18. Rb3 Rxb2 19. Bb5 Qa2 20. Rxb2
Qxb2 21. Rc1 Rg8 22. g3 Qc3+ 23. Ke2 Qa3 24. Kf2 Qa5 25. Bxc6 dxc6 26. Rd1 1-0

[Event "NB I. Charousek csoport"]
[Site "Zalaegerszeg"]
[Date "2023.10.08"]
[Round "1.2"]
[White "Meszaros, Tamas"]
[Black "Gombocz, Ferenc Jr"]
[Result "1-0"]
[WhiteElo "2369"]
[BlackElo "2314"]
[PlyCount "85"]
[EventDate "2023.10.08"]
[EventType "team-tourn"]
[EventRounds "11"]
[EventCountry "HUN"]
[Source "chess.hu"]
[WhiteTeam "Z.Csuti-Hydrocomp SK"]
[BlackTeam "Haladas VSE II."]
[WhiteTeamCountry "HUN"]
[BlackTeamCountry "HUN"]

1. c4 c5 2. Nf3 Nc6 3. d4 cxd4 4. Nxd4 Qb6 5. Nb3 e6 6. Nc3 Nf6 7. e4 Bb4 8.
Bd3 Ne5 9. O-O O-O 10. c5 Qc6 11. Bb5 Qc7 12. Qd4 Bxc3 13. bxc3 Nc6 14. Bxc6 e5
15. Bf4 exf4 16. Bd5 Rb8 17. c4 b6 18. cxb6 Qxb6 19. Qe5 Ba6 20. Qxf4 Qb4 21.
Rac1 Nxd5 22. exd5 Rbc8 23. Nd2 Rfe8 24. h3 Re2 25. Ne4 Qe7 26. Nd6 Rf8 27. Nf5
Qf6 28. Qd6 Qxf5 29. Qxa6 Qf4 30. Qxa7 d6 31. a4 Rfe8 32. a5 g5 33. a6 g4 34.
hxg4 Qxg4 35. Rc3 R2e7 36. Qxe7 Rxe7 37. Rg3 Qxg3 38. fxg3 Ra7 39. Ra1 Kg7 40.
Kf2 Kf6 41. Ke3 Ke5 42. Kd3 h5 43. Kc3 1-0

[Event "NB I. Charousek csoport"]
[Site "Zalaegerszeg"]
[Date "2023.10.08"]
[Round "1.3"]
[White "Trbojevic, Mladen"]
[Black "Horvath, Tamas"]
[Result "1-0"]
[WhiteElo "2334"]
[BlackElo "2296"]
[PlyCount "75"]
[EventDate "2023.10.08"]
[EventType "team-tourn"]
[EventRounds "11"]
[EventCountry "HUN"]
[Source "chess.hu"]
[WhiteTeam "Haladas VSE II."]
[BlackTeam "Z.Csuti-Hydrocomp SK"]
[WhiteTeamCountry "HUN"]
[BlackTeamCountry "HUN"]

1. e4 c5 2. Nf3 e6 3. c3 Nf6 4. e5 Nd5 5. Bc4 Nc6 6. d4 Nb6 7. Bd3 cxd4 8. cxd4
Be7 9. Nc3 d6 10. O-O dxe5 11. dxe5 Nb4 12. Be4 N4d5 13. Qc2 Nxc3 14. bxc3 h6
15. Qe2 Qc7 16. Nd4 Bd7 17. Bd3 a6 18. Bd2 Na4 19. Qg4 g5 20. f4 Nc5 21. Bc2 f5
22. exf6 Bxf6 23. Bg6+ Kd8 24. fxg5 Bxg5 25. Bxg5+ hxg5 26. Qxg5+ Kc8 27. Nf3
Rg8 28. Qh5 Kb8 29. Ne5 Bc8 30. Rf7 Bd7 31. Rd1 Qb6 32. Rb1 Qd6 33. Nc4 Qc6 34.
Ne5 Qc7 35. Nxd7+ Nxd7 36. Be4 Qc5+ 37. Qxc5 Nxc5 38. Bxb7 1-0

[Event "NB I. Charousek csoport"]
[Site "Zalaegerszeg"]
[Date "2023.10.08"]
[Round "1.4"]
[White "Nagy, Kristof"]
[Black "Nagy, Bence"]
[Result "1/2-1/2"]
[WhiteElo "2208"]
[BlackElo "2315"]
[PlyCount "37"]
[EventDate "2023.10.08"]
[EventType "team-tourn"]
[EventRounds "11"]
[EventCountry "HUN"]
[Source "chess.hu"]
[WhiteTeam "Z.Csuti-Hydrocomp SK"]
[BlackTeam "Haladas VSE II."]
[WhiteTeamCountry "HUN"]
[BlackTeamCountry "HUN"]

1. d4 Nf6 2. Nf3 g6 3. Bf4 Bg7 4. e3 O-O 5. h3 d5 6. Nbd2 c5 7. c3 Nc6 8. Be2
a5 9. a4 Nd7 10. O-O e5 11. dxe5 Ndxe5 12. Nxe5 Nxe5 13. Nf3 Nxf3+ 14. Bxf3 d4
15. Qb3 dxc3 16. bxc3 Qf6 17. Rac1 Ra6 18. Qb5 Bxh3 19. Qxb7 1/2-1/2

[Event "NB I. Charousek csoport"]
[Site "Zalaegerszeg"]
[Date "2023.10.08"]
[Round "1.5"]
[White "Sardy, Peter Dr"]
[Black "Pogany, Zsombor"]
[Result "1/2-1/2"]
[WhiteElo "2396"]
[BlackElo "2218"]
[PlyCount "63"]
[EventDate "2023.10.08"]
[EventType "team-tourn"]
[EventRounds "11"]
[EventCountry "HUN"]
[Source "chess.hu"]
[WhiteTeam "Haladas VSE II."]
[BlackTeam "Z.Csuti-Hydrocomp SK"]
[WhiteTeamCountry "HUN"]
[BlackTeamCountry "HUN"]

1. e4 c6 2. d4 d5 3. e5 Bf5 4. Nd2 e6 5. Nb3 Nd7 6. Nf3 h6 7. Be2 Ne7 8. O-O
Nc8 9. Bd2 Be7 10. Na5 Qc7 11. b4 O-O 12. c4 dxc4 13. Nxc4 Ncb6 14. Ne3 Be4 15.
Rc1 Rfd8 16. Qe1 Nd5 17. Nxd5 Bxd5 18. a4 a6 19. Bc3 Rdc8 20. Nd2 f5 21. Nc4
Nb6 22. Nb2 Bb3 23. Ra1 Qd7 24. a5 Nd5 25. Bd2 Nc7 26. Ra3 Bd5 27. Na4 Rd8 28.
Nb6 Qe8 29. Rh3 Qg6 30. Rg3 Qh7 31. Bh5 g5 32. Qb1 1/2-1/2

[Event "NB I. Charousek csoport"]
[Site "Zalaegerszeg"]
[Date "2023.10.08"]
[Round "1.6"]
[White "Csiszar, Zoltan"]
[Black "Balint, Peter"]
[Result "0-1"]
[WhiteElo "2265"]
[BlackElo "2206"]
[PlyCount "86"]
[EventDate "2023.10.08"]
[EventType "team-tourn"]
[EventRounds "11"]
[EventCountry "HUN"]
[Source "chess.hu"]
[WhiteTeam "Z.Csuti-Hydrocomp SK"]
[BlackTeam "Haladas VSE II."]
[WhiteTeamCountry "HUN"]
[BlackTeamCountry "HUN"]

1. d4 Nf6 2. c4 e6 3. Nc3 Bb4 4. Qc2 c5 5. dxc5 O-O 6. a3 Bxc5 7. Nf3 Nc6 8.
Bg5 h6 9. Bxf6 Qxf6 10. Ne4 Qg6 11. O-O-O Be7 12. Nd6 f5 13. e3 e5 14. Nb5 d6
15. Rg1 Bd7 16. c5 Rf6 17. cxd6 Bxd6 18. Nh4 Qh5 19. Rxd6 Rxd6 20. Nxd6 Qxh4
21. Qc4+ Qxc4+ 22. Bxc4+ Kf8 23. Nxb7 Rc8 24. Nd6 Rb8 25. Rd1 Ke7 26. Ba2 e4
27. f3 exf3 28. gxf3 Ne5 29. f4 Ng4 30. h3 Nxe3 31. Re1 Kxd6 32. Rxe3 g5 33.
Rd3+ Ke7 34. b4 gxf4 35. Rf3 Rc8+ 36. Kd2 Bc6 37. Rxf4 Be4 38. Bb3 Kf6 39. h4
Rd8+ 40. Ke2 Ke5 41. Rf2 Rd3 42. Bc2 Rxa3 43. Bxe4 Ra2+ 0-1

[Event "NB I. Charousek csoport"]
[Site "Zalaegerszeg"]
[Date "2023.10.08"]
[Round "1.7"]
[White "Krstic, Uros"]
[Black "Schroter, Tamas"]
[Result "1-0"]
[WhiteElo "2327"]
[BlackElo "2232"]
[PlyCount "55"]
[EventDate "2023.10.08"]
[EventType "team-tourn"]
[EventRounds "11"]
[EventCountry "HUN"]
[Source "chess.hu"]
[WhiteTeam "Haladas VSE II."]
[BlackTeam "Z.Csuti-Hydrocomp SK"]
[WhiteTeamCountry "HUN"]
[BlackTeamCountry "HUN"]

1. e4 c5 2. Nc3 Nc6 3. Bb5 Nd4 4. Nf3 Nxb5 5. Nxb5 a6 6. Nc3 d6 7. d4 Bg4 8.
dxc5 dxc5 9. Qxd8+ Rxd8 10. Ne5 Nf6 11. Be3 e6 12. f3 Bh5 13. Na4 Rc8 14. Nb6
Rc7 15. g4 Bg6 16. Bf4 Bxe4 17. fxe4 Nxe4 18. Nec4 Rc6 19. O-O g5 20. Be5 Rg8
21. Rae1 Nd6 22. Nxd6+ Bxd6 23. Nc4 Be7 24. Rd1 Rg6 25. Nd6+ Bxd6 26. Rxd6 Rc8
27. Rb6 f5 28. Rxb7 1-0

[Event "NB I. Charousek csoport"]
[Site "Zalaegerszeg"]
[Date "2023.10.08"]
[Round "1.8"]
[White "Horvath, Sandor"]
[Black "Csontos, Aron"]
[Result "1/2-1/2"]
[WhiteElo "2214"]
[BlackElo "2155"]
[PlyCount "53"]
[EventDate "2023.10.08"]
[EventType "team-tourn"]
[EventRounds "11"]
[EventCountry "HUN"]
[Source "chess.hu"]
[WhiteTeam "Z.Csuti-Hydrocomp SK"]
[BlackTeam "Haladas VSE II."]
[WhiteTeamCountry "HUN"]
[BlackTeamCountry "HUN"]

1. e4 c5 2. Nf3 e6 3. g3 d5 4. exd5 exd5 5. d4 Nf6 6. Bg2 Be7 7. O-O O-O 8.
dxc5 Bxc5 9. Nbd2 Nc6 10. Nb3 Bb6 11. c3 h6 12. h3 Bf5 13. Nbd4 Be4 14. Be3 Re8
15. Nxc6 bxc6 16. Re1 Bxe3 17. Rxe3 Qb6 18. Qd2 Rab8 19. b3 a5 20. Rae1 a4 21.
b4 c5 22. a3 Red8 23. Qd1 Bxf3 24. Bxf3 d4 25. cxd4 cxb4 26. Qxa4 bxa3 27. Qxa3
1/2-1/2

[Event "NB I. Charousek csoport"]
[Site "Zalaegerszeg"]
[Date "2023.10.08"]
[Round "1.9"]
[White "Egri, Laszlo Jr"]
[Black "Farkas, Zsolt"]
[Result "1-0"]
[WhiteElo "2227"]
[BlackElo "2152"]
[PlyCount "85"]
[EventDate "2023.10.08"]
[EventType "team-tourn"]
[EventRounds "11"]
[EventCountry "HUN"]
[Source "chess.hu"]
[WhiteTeam "Haladas VSE II."]
[BlackTeam "Z.Csuti-Hydrocomp SK"]
[WhiteTeamCountry "HUN"]
[BlackTeamCountry "HUN"]

1. d4 f5 2. Nc3 d5 3. Bf4 e6 4. e3 Nf6 5. Nf3 Bd6 6. Bd3 O-O 7. O-O b6 8. Ne2
Bb7 9. c4 Qe7 10. Qb3 c5 11. Bxd6 Qxd6 12. dxc5 Qxc5 13. Nf4 Qd6 14. Nd4 e5 15.
Nxf5 Qd7 16. Nxd5 Nxd5 17. cxd5 Rxf5 18. Bxf5 Qxf5 19. Rac1 Na6 20. Rfd1 Rf8
21. f3 e4 22. f4 Rd8 23. d6+ Kh8 24. Qa4 h6 25. b4 Qd7 26. Qb3 Bc6 27. Qc4 Bb7
28. a3 Rc8 29. Qd4 Rd8 30. Rd2 Re8 31. Rdc2 Ba8 32. f5 Rg8 33. f6 Bb7 34. Qe5
Re8 35. fxg7+ Kh7 36. Qf6 Bd5 37. Rf2 Bb3 38. Qf8 Bd5 39. Rf6 Bg8 40. Rcf1 Nb8
41. Rxh6+ Kxh6 42. Qf6+ Kh5 43. Rf4 1-0